| 000 | 00401nam a2200157Ia 4500 | ||
|---|---|---|---|
| 008 | 230917s9999||||xx |||||||||||||| ||und|| | ||
| 020 | _cRS475 | ||
| 040 |
_e33340 _aMAIN |
||
| 041 | _aEnglish | ||
| 082 | _a821.8 E46S:T | ||
| 100 | _aSarker, Sunil Kumar | ||
| 245 | 0 | _aT S Eliot: Poetry, plays and prose | |
| 260 |
_aNew Delhi _bAtlantic Publishers _c2000 |
||
| 300 | _aviii, 256 p. | ||
| 942 | _cBK | ||
| 999 |
_c106704 _d106704 |
||